000 00844pam a2200265 a 4500
999 _c1381
_d1381
001 2437741
003 GZU
005 20201013160635.0
008 880721s1989 ilua b 001 0 eng
010 _a 88023821
020 _a0673398277
040 _aDLC
_cDLC
_dDLC
050 0 0 _aHB172
_b.BRO 1989
100 1 _aBrowning, Edgar K.
_eauthor
245 1 0 _aMicroeconomic theory and applications /
_cEdgar K. Browning, Jacquelene M. Browning.
250 _a3rd ed.
260 _aGlenview, Ill. :
_bScott, Foresman and Co.,
_cc1989.
300 _a637 p. :
_bill. (some col.) ;
_c25 cm.
504 _aIncludes bibliographies and index.
650 0 _aMicroeconomics.
700 1 _aBrowning, Jacquelene M.
_eauthor
906 _a7
_bcbc
_corignew
_d1
_eocip
_f19
_gy-gencatlg
942 _2lcc
_cBK
_e3rd ed.
_h172
_iBRO
_kHB